000 00387nam a22001451a 4500
082 _aH3
_bBHA/V
100 _aBhagavathicharan Varma
_9115095
245 _aVah fir nahi aayi/
_cby Bhagavathicharan Varma
260 _aNew Delhi:
_bRajkamal,
_c1989.
300 _a85p.
650 _aNovel Hindi
_9115096
650 _aLiterature Hindi
_9115097
650 _aLiterature
_9115098
942 _cBK
999 _c48691
_d48691